| 000 | 02157cam a22004577a 4500 | ||
|---|---|---|---|
| 003 | CHAP | ||
| 005 | 20220329133653.0 | ||
| 008 | 971013s1993 r 00010 d | ||
| 010 | _a9300 | ||
| 011 | _a10272 | ||
| 035 | _a9509 | ||
| 040 | _cCHAP | ||
| 082 |
_a630.83 _bM49c 1991 B.C.S. |
||
| 110 |
_aInstituto Nacional de Estadística, Geografía e Informática. México _959304 |
||
| 245 | 0 | _aCenso agropecuario, 1991 (7) : Baja California Sur resultados definitivos | |
| 260 |
_aAguascalientes, Ags. : _bINEGI, _c1993- |
||
| 300 | _av. | ||
| 500 | _aLa biblioteca tiene : v.1 Censo ejidal -- v.3 Censo agrícola-ganadero -- v.4 Panorama agropecuario | ||
| 590 |
_aBATCH-UPD _b10 _c20130110 _lUCH01 _h0323 |
||
| 590 |
_aBATCH-UPD _b10 _c20130110 _lUCH01 _h1657 |
||
| 590 |
_aBATCH-UPD _b10 _c20130409 _lUCH01 _h2355 |
||
| 590 |
_aBATCH-UPD _b10 _c20130410 _lUCH01 _h1511 |
||
| 590 |
_aBATCH-UPD _b10 _c20130913 _lUCH01 _h2040 |
||
| 590 |
_aCONVERSION _b10 _c20130109 _lUCH01 _h1306 |
||
| 650 | 1 | 4 |
_aAgricultura _xEstadísticas _zBaja California Sur. _91446 |
| 650 | 1 | 4 |
_aBosques _xBaja California Sur. _914093 |
| 650 | 1 | 4 |
_aEjidos _xBaja California Sur. _936005 |
| 650 | 1 | 4 |
_aGanadería _xEstadísticas _zBaja California Sur. _944705 |
| 650 | 1 | 4 |
_aMaquinaria agrícola _xEstadísticas. _971170 |
| 650 | 1 | 4 |
_aProductos agrícolas _xEstadísticas. _991939 |
| 650 | 1 | 4 |
_aProductos pecuarios _xEstadísticas. _992167 |
| 901 | _aBK | ||
| 942 | _cLIBRO | ||
| 949 |
_a630.83 M49c 1991 B.C.S. _bBC _cINEGI _d33724000536975 _eINEGI _fv.4 _gI. c/e _h88219 _i9509 _si _t21.00 |
||
| 949 |
_a630.83 M49c 1991 B.C.S. _bBC _cINEGI _d33724000558649 _eINEGI _fv.1 c.2 _gI. c/e _h85736 _i9509 _sb |
||
| 949 |
_a630.83 M49c 1991 B.C.S. _bBC _cINEGI _d33724000558912 _eINEGI _fv.3 _h89502 _i9509 _si |
||
| 949 |
_a630.83 M49c 1991 B.C.S. _bBC _cINEGI _d33724000559449 _eINEGI _fv.1 c.3 _gI. c/e _h85737 _i9509 _sb |
||
| 949 |
_a630.83 M49c 1991 B.C.S. _bBC _cINEGI _d33724000559480 _eINEGI _fv.1 c.4 _h86938 _i9509 _si |
||
| 949 |
_a630.83 M49c 1991 B.C.S. _bBC _cINEGI _d33724000559555 _eINEGI _fv.1 _gI. c/e _h85735 _i9509 _si |
||
| 949 |
_a630.83 M49c 1991 B.C.S. _bBC _cINEGI _d33724000644035 _eINEGI _fv.4 c.2 _h89499 _i9509 _sb |
||
| 999 |
_c9300 _d9300 |
||